Planet Mercury / (Record no. 9302)

MARC details
000 -LEADER
fixed length control field 01491cam a2200325 i 4500
001 - CONTROL NUMBER
control field 9302
003 - CONTROL NUMBER IDENTIFIER
control field FISKH
005 - DATE AND TIME OF LATEST TRANSACTION
control field 20260106085504.0
008 - FIXED-LENGTH DATA ELEMENTS--GENERAL INFORMATION
fixed length control field 130531s2014 nyua j b 001 0 eng
010 ## - LIBRARY OF CONGRESS CONTROL NUMBER
LC control number 2013021639
020 ## - INTERNATIONAL STANDARD BOOK NUMBER
International Standard Book Number 9780531211533
Qualifying information library binding
020 ## - INTERNATIONAL STANDARD BOOK NUMBER
International Standard Book Number 9780531253595
Qualifying information paperback
035 ## - SYSTEM CONTROL NUMBER
System control number 17758815
040 ## - CATALOGING SOURCE
Original cataloging agency DLC
Language of cataloging eng
Transcribing agency DLC
Description conventions rda
Modifying agency DLC
050 00 - LIBRARY OF CONGRESS CALL NUMBER
Classification number QB611
Item number .S67 2014
082 00 - DEWEY DECIMAL CLASSIFICATION NUMBER
Classification number 523.41
Edition number 23
100 1# - MAIN ENTRY--PERSONAL NAME
Personal name Squire, Ann.
245 10 - TITLE STATEMENT
Title Planet Mercury /
Statement of responsibility, etc. Ann O. Squire.
260 ## - PUBLICATION, DISTRIBUTION, ETC.
Place of publication, distribution, etc. New York :
Name of publisher, distributor, etc. Scholastic
Date of publication, distribution, etc. 2014.
300 ## - PHYSICAL DESCRIPTION
Extent 48 pages :
Other physical details illustrations (chiefly color) ;
Dimensions 22 cm.
490 0# - SERIES STATEMENT
Series statement A true book
504 ## - BIBLIOGRAPHY, ETC. NOTE
Bibliography, etc. note Includes bibliographical references and index.
505 0# - FORMATTED CONTENTS NOTE
Formatted contents note A Hot, Dry Planet -- What is Mercury Made of? -- The Big Truth : Mercury's Strange Orbit -- Early Views of Mercury -- Exploring Mercury -- Timeline -- True Statistics -- Important Words.
520 ## - SUMMARY, ETC.
Summary, etc. Because it is closer to the sun than any other planet in the solar system, the surface of Mercury is extremely hot. Readers will discover what it is like on the surface of this small planet. They will also find out how the planet was discovered, what it is made of, and how scientists are working to learn more about it today.
651 #0 - SUBJECT ADDED ENTRY--GEOGRAPHIC NAME
Geographic name Mercury (Planet)
Form subdivision Juvenile literature.
655 #7 - INDEX TERM--GENRE/FORM
Genre/form data or focus term Literature.
Source of term lcgft
Authority record control number or standard number https://id.loc.gov/authorities/genreForms/gf2014026415
906 ## - LOCAL DATA ELEMENT F, LDF (RLIN)
a 7
b cbc
c orignew
d 1
e ecip
f 20
g y-gencatlg
942 ## - ADDED ENTRY ELEMENTS (KOHA)
Source of classification or shelving scheme Dewey Decimal Classification
Koha item type Books
Suppress in OPAC No
Holdings
Withdrawn status Lost status Source of classification or shelving scheme Damaged status Not for loan Collection Home library Current library Shelving location Date acquired Total Checkouts Full call number Barcode Date last seen Copy number Price effective from Koha item type
    Dewey Decimal Classification     Non-Fiction Footprints International School Library Network Toul Tom Poung Campus Footprints International School Library Network Toul Tom Poung Campus TTP Secondary Non-Fiction Bookshelves 12/09/2025   SQU 523.41 QB611 .S67 FIS05573 12/09/2025 1 12/09/2025 Books